header

French words (Record no. 139004)

MARC details
000 -LEADER
fixed length control field 01281nam a2200325 a 4500
082 04 - DEWEY DECIMAL CLASSIFICATION NUMBER
Classification number 448.1
100 1# - MAIN ENTRY--AUTHOR NAME
Personal name Offord, M. H.
245 10 - TITLE STATEMENT
Title French words
260 ## - PUBLICATION, DISTRIBUTION, ETC. (IMPRINT)
Place of publication Clevedon ;
-- Buffalo :
Name of publisher Multilingual Matters Ltd.,
Year of publication c2001.
300 ## - PHYSICAL DESCRIPTION
Number of Pages vii, 125 p.
490 1# - SERIES STATEMENT
Series statement Modern languages in practice ;
650 #0 - SUBJECT ADDED ENTRY--TOPICAL TERM
Topical Term French language
856 40 - ELECTRONIC LOCATION AND ACCESS
Uniform Resource Identifier http://site.ebrary.com/lib/rucke/Doc?id=10170590

No items available.

© 2026 Rongo University
Contact us: librarian | system librarian | Rongo university